Almacenamiento y uso de antioxidantes en barras de cereales y mani (Registro nro. 131182)

Detalles MARC
001 - NÚMERO DE CONTROL
campo de control 559916
005 - FECHA Y HORA DE LA ÚLTIMA TRANSACCIÓN
campo de control 20241203090708.0
008 - DATOS DE LONGITUD FIJA--INFORMACIÓN GENERAL
campo de control de longitud fija 991028e19980615 spa
035 ## - NÚMERO DE CONTROL DEL SISTEMA
Número de control de sistema 559916
035 ## - NÚMERO DE CONTROL DEL SISTEMA
Número de control de sistema (OCoLC)819816402
040 ## - FUENTE DE LA CATALOGACIÓN
Centro/agencia transcriptor comduadb
041 ## - CÓDIGO DE LENGUA
Código de lengua del texto/banda sonora o título independiente spa
100 10 - ENTRADA PRINCIPAL--NOMBRE DE PERSONA
Nombre de persona Estevez A., Ana Maria
Código de función aut
Término indicativo de función/relación Autor/a
9 (RLIN) 326641
245 10 - MENCIÓN DE TÍTULO
Título Almacenamiento y uso de antioxidantes en barras de cereales y mani
650 #7 - PUNTO DE ACCESO ADICIONAL DE MATERIA--TÉRMINO DE MATERIA
Término de materia o nombre geográfico como elemento de entrada Antioxidantes
Fuente del encabezamiento o término lemb
9 (RLIN) 23923
650 #7 - PUNTO DE ACCESO ADICIONAL DE MATERIA--TÉRMINO DE MATERIA
Término de materia o nombre geográfico como elemento de entrada Cereales
Fuente del encabezamiento o término lemb
9 (RLIN) 45131
650 ## - PUNTO DE ACCESO ADICIONAL DE MATERIA--TÉRMINO DE MATERIA
Término de materia o nombre geográfico como elemento de entrada Maní forrajero : Arachis pintoi
9 (RLIN) 36583
700 10 - ENTRADA AGREGADA--NOMBRE PERSONAL
Nombre de persona Escobar A., Berta
Código de función aut
Término indicativo de función/relación Autor/a
9 (RLIN) 349614
700 10 - ENTRADA AGREGADA--NOMBRE PERSONAL
Nombre de persona Tepper L., Andres
Código de función aut
Término indicativo de función/relación Autor/a
9 (RLIN) 508405
773 0# - ENLACE AL DOCUMENTO FUENTE/ENTRADA DE REGISTRO ANFITRIÓN
Título Archivos Latinoamericanos de Nutrición (Caracas)
Parte(s) relacionada(s) Volumen 48, Número 02, Junio 1998, p. 160-164
Número de control del registro 338842
Número Internacional Normalizado para Publicaciones Seriadas 0004-0622
Número bibliográfico anfitrión 114200
942 ## - ELEMENTOS DE ENTRADA AGREGADA (KOHA)
Tipo de ítem Koha Artículo de Revista

No hay ítems disponibles.